000
00434nam a2200169Ia 4500
008
090711s9999 xx 000 0 und d
082
_b
64338
100
_a
पंडित नलिनी
245
_a
गांधी
260
_c
1983
300
_a
272
600
_a
पंडित नलिनी
630
_a
गांधी
700
_a
पंडित नलिनी
730
_a
गांधी
942
_c
BOOK
999
_c
333027
_d
333027